[Event "22nd Open"]
[Site "Cappelle la Grande FRA"]
[Date "2006.02.24"]
[Round "8"]
[White "Timoshenko,G"]
[Black "Kononenko,T"]
[Result "1-0"]
[WhiteElo "2560"]
[BlackElo "2417"]
[EventDate "2006.02.18"]

1. e4 e6 2. d4 d5 3. Nc3 Bb4 4. e5 Ne7 5. a3 Bxc3+ 6. bxc3 c5 7. Qg4 O-O 8.
Bd3 f5 9. exf6 Rxf6 10. Bg5 Rf7 11. Qh5 g6 12. Qd1 Nbc6 13. Nf3 c4 14. Be2
Qf8 15. O-O h6 16. Bc1 Qg7 17. a4 g5 18. h3 Bd7 19. Nh2 e5 20. Bh5 Rff8 21.
dxe5 Qxe5 22. Qd2 Be8 23. Bg4 Bg6 24. Ba3 Qg7 25. Rae1 Rfd8 26. f4 gxf4 27.
Rxf4 Rf8 28. Be6+ Kh7 29. Rh4 h5 30. Bg4 Rf5 31. Bxf5 Nxf5 32. Rf4 Ng3 33.
Nf3 Be4 34. Rf7 1-0

[Event "22nd Open"]
[Site "Cappelle la Grande FRA"]
[Date "2006.02.24"]
[Round "8"]
[White "Paleologu,V"]
[Black "Onkoud,A"]
[Result "0-1"]
[WhiteElo "2161"]
[BlackElo "2391"]
[EventDate "2006.02.18"]

1. e4 c5 2. a3 b6 3. Nf3 Bb7 4. Nc3 Nc6 5. Bc4 e6 6. O-O a6 7. Re1 Qc7 8.
d3 d6 9. Bf4 Ne5 10. Bg3 Ne7 11. Nd2 h5 12. f4 h4 13. Bf2 Nxc4 14. dxc4 h3
15. g4 O-O-O 16. b4 g5 17. Rb1 Bg7 18. Qf3 gxf4 19. Rb3 Nc6 20. Ne2 Ne5 21.
Qxf4 Bh6 22. g5 Bxg5 23. Qxg5 Rdg8 24. Qxg8+ Rxg8+ 25. Ng3 f5 26. Be3 Ng4
27. Rf1 Qg7 28. Rf3 fxe4 29. Rf2 Nxh2 30. Bxc5 Nf3+ 31. Rbxf3 exf3 32. Bxd6
Qd4 33. c5 h2+ 0-1

[Event "22nd Open"]
[Site "Cappelle la Grande FRA"]
[Date "2006.02.24"]
[Round "8"]
[White "Li Shilong"]
[Black "Vovk,Y"]
[Result "1-0"]
[WhiteElo "2543"]
[BlackElo "2414"]
[EventDate "2006.02.18"]

1. d4 Nf6 2. c4 g6 3. Nc3 Bg7 4. e4 d6 5. Be2 O-O 6. Bg5 c5 7. d5 h6 8. Bf4
e6 9. dxe6 Bxe6 10. Qd2 Qb6 11. Bxh6 Bxh6 12. Qxh6 Qxb2 13. Rc1 Nc6 14. h4
Ne5 15. Nh3 Nfg4 16. Qg5 f6 17. Qf4 Kg7 18. O-O Nh6 19. Qg3 Bxh3 20. Rb1
Qa3 21. gxh3 Qa6 22. f4 Nc6 23. h5 Rg8 24. Kh1 Kh7 25. Nd5 Raf8 26. hxg6+
Rxg6 27. Qh4 Nd4 28. Bh5 Rg7 29. Rg1 Qa3 30. Rxg7+ Kxg7 31. Rg1+ Kh8 32.
Bd1 Kh7 33. Qh5 1-0

[Event "22nd Open"]
[Site "Cappelle la Grande FRA"]
[Date "2006.02.24"]
[Round "8"]
[White "Zilberman,Y"]
[Black "Munschi,S"]
[Result "1/2-1/2"]
[WhiteElo "2463"]
[BlackElo "2310"]
[EventDate "2006.02.18"]

1. d4 Nf6 2. c4 e6 3. Nc3 Bb4 4. e3 Nc6 5. Bd3 e5 6. Nge2 d5 7. cxd5 Nxd5
8. e4 Nxc3 9. bxc3 Bd6 10. O-O O-O 11. Be3 Kh8 12. Qd2 f5 13. exf5 exd4 14.
Nxd4 Nxd4 15. Bxd4 Bxf5 16. Rad1 Qh4 17. g3 Qh5 18. Bxf5 Qxf5 19. Rfe1 Rad8
20. Qe2 Qf7 21. Qe6 Qxe6 22. Rxe6 Rfe8 23. Rxe8+ Rxe8 24. Bxa7 Ra8 25. Be3
Rxa2 26. c4 Ra6 27. c5 Bf8 28. Rd8 Kg8 29. Rb8 Rc6 30. h4 Kf7 31. Rxb7 Bxc5
32. Bxc5 1/2-1/2

[Event "22nd Open"]
[Site "Cappelle la Grande FRA"]
[Date "2006.02.24"]
[Round "8"]
[White "Wantiez,F"]
[Black "Moranda,W"]
[Result "0-1"]
[WhiteElo "2255"]
[BlackElo "2445"]
[EventDate "2006.02.18"]

1. e4 c5 2. Nf3 d6 3. d4 cxd4 4. Nxd4 Nf6 5. Nc3 g6 6. Be2 Bg7 7. O-O O-O
8. Bg5 Nc6 9. Nb3 a6 10. Qd2 b5 11. a3 Bb7 12. Bh6 Ne5 13. Bxg7 Kxg7 14. f4
Nc4 15. Bxc4 bxc4 16. Nd4 Bxe4 17. f5 d5 18. Rf4 Qd6 19. Raf1 g5 20. R4f2
h6 21. h3 Kh7 22. Qe3 Rab8 23. Nd1 g4 24. Rf4 Rg8 25. R1f2 gxh3 26. Rh4 h2+
27. Kh1 Ng4 28. Rxg4 Rxg4 29. f6 Rxg2 30. Rxg2 Bxg2+ 31. Kxg2 Rg8+ 0-1

[Event "22nd Open"]
[Site "Cappelle la Grande FRA"]
[Date "2006.02.24"]
[Round "8"]
[White "Tissir,M"]
[Black "Depyl,P"]
[Result "1-0"]
[WhiteElo "2444"]
[BlackElo "2201"]
[EventDate "2006.02.18"]

1. e4 d6 2. d4 Nf6 3. Nc3 g6 4. Be3 Bg7 5. Nf3 O-O 6. h3 c6 7. Qd2 b5 8.
Bd3 a6 9. Ne2 Nbd7 10. Ng3 e5 11. c3 Re8 12. O-O Bb7 13. Bh6 Bxh6 14. Qxh6
Qe7 15. Rae1 Qf8 16. Qd2 c5 17. d5 c4 18. Bc2 Nc5 19. Nh2 Nfd7 20. Ng4 h5
21. Nh2 Qg7 22. Nf3 f6 23. Nh4 Rf8 24. Re3 Qh6 25. b4 cxb3 26. axb3 Bc8 27.
Ngf5 gxf5 28. Nxf5 Qf4 29. g3 Qg5 30. h4 1-0

[Event "22nd Open"]
[Site "Cappelle la Grande FRA"]
[Date "2006.02.24"]
[Round "8"]
[White "Colin,V"]
[Black "Oleksienko,M"]
[Result "0-1"]
[WhiteElo "2374"]
[BlackElo "2509"]
[EventDate "2006.02.18"]

1. d4 Nf6 2. c4 e6 3. Nc3 Bb4 4. Qc2 c5 5. dxc5 O-O 6. Bg5 Na6 7. a3 Bxc3+
8. Qxc3 Nxc5 9. f3 Nfe4 10. Bxd8 Nxc3 11. Ba5 Nb3 12. Bxc3 Nxa1 13. b4 Nc2+
14. Kd2 Nxa3 15. e4 Nb1+ 16. Kc2 Nxc3 17. Kxc3 a5 18. b5 b6 19. Bd3 d5 20.
cxd5 exd5 21. e5 d4+ 22. Kxd4 Rd8+ 23. Ke3 a4 24. Ne2 a3 25. Ra1 a2 26. Nc1
Ra3 27. Ke4 Be6 28. f4 g6 0-1

[Event "22nd Open"]
[Site "Cappelle la Grande FRA"]
[Date "2006.02.24"]
[Round "8"]
[White "Jakubowski,K"]
[Black "Ponkratov,P"]
[Result "1-0"]
[WhiteElo "2504"]
[BlackElo "2389"]
[EventDate "2006.02.18"]

1. e4 e5 2. Nf3 d6 3. d4 Nf6 4. dxe5 Nxe4 5. Nbd2 Nxd2 6. Bxd2 dxe5 7. Nxe5
Qe7 8. Qe2 Nd7 9. Nc4 Nb6 10. Na5 Be6 11. Nxb7 Nc4 12. O-O-O c6 13. Qe4
Nxd2 14. Qxc6+ Qd7 15. Qa6 Qc7 16. Bb5+ Ke7 17. Rxd2 g6 18. g3 Bh6 19. f4
Rab8 20. Na5 Kf6 21. Nc6 Qb7 22. Qa4 Rhd8 23. Nxd8 Rxd8 24. Rxd8 Qxh1+ 25.
Rd1 Qxh2 26. Qd4+ Kf5 27. Re1 1-0

[Event "22nd Open"]
[Site "Cappelle la Grande FRA"]
[Date "2006.02.24"]
[Round "8"]
[White "Totsky,L"]
[Black "Tomczak,J"]
[Result "1/2-1/2"]
[WhiteElo "2496"]
[BlackElo "2357"]
[EventDate "2006.02.18"]

1. e4 d5 2. exd5 Nf6 3. Nf3 Nxd5 4. d4 g6 5. c4 Nb6 6. Nc3 Bg7 7. c5 Nd5 8.
Bc4 c6 9. O-O O-O 10. Re1 Na6 11. Bg5 Nac7 12. Qb3 Re8 13. Bh4 Be6 14. Bg3
Qd7 15. h3 b5 16. cxb6 axb6 17. Ng5 b5 18. Bf1 Nb6 19. Nxe6 Nxe6 20. d5
Nxd5 21. Nxd5 Qxd5 22. Qxd5 cxd5 23. Bxb5 Rec8 24. a4 Bxb2 25. Rad1 Rc5
1/2-1/2

[Event "22nd Open"]
[Site "Cappelle la Grande FRA"]
[Date "2006.02.24"]
[Round "8"]
[White "Porat,S"]
[Black "Bruned,Y"]
[Result "0-1"]
[WhiteElo "2444"]
[BlackElo "2301"]
[EventDate "2006.02.18"]

1. d4 Nf6 2. c4 e6 3. g3 d5 4. Nf3 Be7 5. Bg2 O-O 6. O-O dxc4 7. Na3 Bxa3
8. bxa3 Bd7 9. Ne5 Bc6 10. Nxc6 Nxc6 11. Bb2 Nd5 12. Rc1 Nb6 13. e4 Qd7 14.
d5 exd5 15. exd5 Ne7 16. Qd4 f6 17. Rfd1 Rad8 18. Qh4 Nexd5 19. Rxc4 Qb5
20. Rc2 Ne3 21. Rxd8 Rxd8 22. fxe3 Rd1+ 23. Kf2 Qf5+ 0-1

[Event "22nd Open"]
[Site "Cappelle la Grande FRA"]
[Date "2006.02.24"]
[Round "8"]
[White "Livshits,G"]
[Black "Vernay,C"]
[Result "1-0"]
[WhiteElo "2393"]
[BlackElo "2226"]
[EventDate "2006.02.18"]

1. e4 c5 2. Nc3 a6 3. g3 b5 4. Bg2 Bb7 5. Nge2 Nf6 6. O-O e5 7. a4 b4 8.
Nd5 Nxd5 9. exd5 d6 10. c3 a5 11. d4 exd4 12. cxd4 c4 13. Nf4 Be7 14. Re1
Ra7 15. Qh5 O-O 16. Be4 g6 17. Nxg6 fxg6 18. Bxg6 hxg6 19. Qxg6+ Kh8 20.
Qh5+ Kg8 21. Bh6 Bf6 22. Qg6+ 1-0

[Event "22nd Open"]
[Site "Cappelle la Grande FRA"]
[Date "2006.02.24"]
[Round "8"]
[White "Aloma Vidal,R"]
[Black "Tirard,H"]
[Result "1/2-1/2"]
[WhiteElo "2264"]
[BlackElo "2447"]
[EventDate "2006.02.18"]

1. d4 Nf6 2. c4 g6 3. Nc3 Bg7 4. e4 d6 5. f4 O-O 6. Nf3 e5 7. dxe5 dxe5 8.
Qxd8 Rxd8 9. Nxe5 Na6 10. Be3 Re8 11. Bd3 Nb4 12. Bb1 Ng4 13. Nxg4 Bxg4 14.
a3 Bxc3+ 15. bxc3 Nc6 16. Kf2 Rad8 17. Bc2 Na5 18. c5 Nc4 1/2-1/2

[Event "22nd Open"]
[Site "Cappelle la Grande FRA"]
[Date "2006.02.25"]
[Round "9"]
[White "Dembo,Y"]
[Black "Delchev,A"]
[Result "1/2-1/2"]
[WhiteElo "2461"]
[BlackElo "2661"]
[EventDate "2006.02.18"]

1. e4 c5 2. Nf3 e6 3. d4 cxd4 4. Nxd4 Nc6 5. Nc3 Qc7 6. Be3 a6 7. Bd3 Nf6
8. O-O Ne5 9. Nf3 Neg4 10. Bd2 d6 11. a4 b6 12. Qe2 Be7 13. h3 Ne5 14. Nxe5
dxe5 15. f4 O-O 16. Rae1 Bb7 17. f5 Rfe8 18. fxe6 fxe6 19. Bg5 Nd7 20. Bxe7
Rxe7 21. Bc4 Qc5+ 22. Kh1 Qb4 23. Rf3 Nf6 1/2-1/2

[Event "22nd Open"]
[Site "Cappelle la Grande FRA"]
[Date "2006.02.25"]
[Round "9"]
[White "Szelag,M"]
[Black "Vysochin,S"]
[Result "1-0"]
[WhiteElo "2468"]
[BlackElo "2551"]
[EventDate "2006.02.18"]

1. e4 e6 2. d4 d5 3. Nc3 Nf6 4. e5 Nfd7 5. f4 c5 6. Nf3 Nc6 7. Be3 a6 8.
Qd2 b5 9. dxc5 Bxc5 10. Bxc5 Nxc5 11. Qf2 Qb6 12. Bd3 b4 13. Ne2 a5 14. O-O
Ba6 15. Kh1 Ne7 16. b3 h6 17. Rad1 O-O 18. g4 Rac8 19. Ng3 Bxd3 20. cxd3
Qa6 21. Qd4 Qb5 22. f5 Nc6 23. Qe3 d4 24. Qd2 exf5 25. gxf5 Rfe8 26. Nh5
Nxe5 27. Qg2 g5 28. fxg6 Nxg6 29. Nxd4 Qb7 30. Nf6+ Kf8 31. Qxb7 Nxb7 32.
Nxe8 Rxe8 33. Rf6 Re3 34. Rdf1 Ne5 35. Nc6 Nxc6 36. Rxf7+ Ke8 37. Rxb7 Rxd3
38. Rff7 Rd1+ 39. Kg2 Rd2+ 40. Kg3 Rd3+ 41. Kh4 Rd4+ 42. Kh5 Rd2 43. h4
Rxa2 44. Rh7 Rf2 45. Rbc7 Nd8 46. Rh8+ Rf8 47. Rxf8+ Kxf8 48. Rc5 Ne6 49.
Rxa5 Nd4 50. Kxh6 Kf7 51. Rd5 Nxb3 52. Rb5 Nd4 53. Rxb4 Nf5+ 54. Kg5 Nd6
55. h5 Kg7 56. h6+ Kh7 57. Rf4 1-0

[Event "22nd Open"]
[Site "Cappelle la Grande FRA"]
[Date "2006.02.25"]
[Round "9"]
[White "Sulskis,S"]
[Black "Spraggett,K"]
[Result "0-1"]
[WhiteElo "2504"]
[BlackElo "2581"]
[EventDate "2006.02.18"]

1. e4 c5 2. Nf3 d6 3. d4 cxd4 4. Nxd4 Nf6 5. Nc3 e6 6. f4 a6 7. Qf3 Qb6 8.
a3 Nc6 9. Nxc6 bxc6 10. e5 Nd7 11. exd6 Bxd6 12. Ne4 Be7 13. Nd2 Bb7 14.
Nc4 Qc7 15. Bd2 c5 16. Qg3 O-O 17. Ba5 Qb8 18. O-O-O Bd5 19. f5 Qxg3 20.
hxg3 Bg5+ 21. Bd2 Bxd2+ 22. Rxd2 Nf6 23. fxe6 fxe6 24. Bd3 Ra7 25. Rf2 g5
26. Ne5 Kg7 27. Ng4 h5 28. Rxf6 Rxf6 29. Rxh5 Rff7 30. c4 Bxg2 31. Rxg5+
Kf8 32. Rxc5 Rf3 33. Kc2 Rxg3 34. Ne5 Ke7 35. Kc3 Kf6 36. b4 Bf1 37. Kc2
Bxd3+ 38. Nxd3 Rh7 39. Rc6 Rh2+ 40. Kc3 Ke7 41. Rxa6 Rhh3 42. Ra7+ Kd8 43.
b5 Rxd3+ 44. Kb4 Rb3+ 45. Kc5 Rxa3 46. Rg7 Rag3 47. Ra7 Ra3 48. Rg7 Rh5+
49. Kc6 Rc3 50. Rg4 e5 51. b6 Rh6+ 52. Kc5 Rb3 53. Rg8+ Ke7 54. Rb8 Kd7 0-1

[Event "22nd Open"]
[Site "Cappelle la Grande FRA"]
[Date "2006.02.25"]
[Round "9"]
[White "Kryvoruchko,Y"]
[Black "Riazantsev,A"]
[Result "1/2-1/2"]
[WhiteElo "2513"]
[BlackElo "2594"]
[EventDate "2006.02.18"]

1. e4 c6 2. d4 d5 3. exd5 cxd5 4. c4 Nf6 5. Nc3 e6 6. Nf3 Bb4 7. cxd5 Nxd5
8. Bd2 Nc6 9. Bd3 Be7 10. O-O O-O 11. Re1 Nf6 12. Bg5 h6 13. Be3 Nb4 14.
Bb1 b6 15. Qd2 Re8 16. a3 Nbd5 17. Nxd5 exd5 18. Bxh6 Ne4 19. Rxe4 dxe4 20.
Bxe4 Rb8 21. Bc2 Qd5 22. Qd3 Bf5 23. Qxf5 Qxf5 24. Bxf5 gxh6 25. Rd1 Rbd8
26. d5 Bf6 27. d6 Bxb2 28. a4 Rb8 29. Kf1 Bf6 30. Be4 Rbc8 31. Nd2 b5 32.
Bf3 Be5 33. Ne4 Red8 34. Bg4 Ra8 1/2-1/2

[Event "22nd Open"]
[Site "Cappelle la Grande FRA"]
[Date "2006.02.25"]
[Round "9"]
[White "Vorobiov,E"]
[Black "Sasikiran,K"]
[Result "0-1"]
[WhiteElo "2543"]
[BlackElo "2670"]
[EventDate "2006.02.18"]

1. e4 e5 2. Nf3 Nc6 3. Nc3 Nf6 4. Bb5 Bd6 5. d3 a6 6. Ba4 h6 7. Ne2 b5 8.
Bb3 Bc5 9. O-O d6 10. Ng3 Na5 11. Be3 Bxe3 12. fxe3 O-O 13. Qe1 c5 14. Bd5
Nxd5 15. exd5 f5 16. b4 cxb4 17. Qxb4 Nb7 18. a4 bxa4 19. d4 f4 20. exf4
exf4 21. Ne4 Qc7 22. c4 Bf5 23. Nfd2 Rae8 24. Rxf4 g5 25. Rxf5 Rxf5 26. c5
dxc5 27. dxc5 Qe5 28. Re1 Qxd5 29. Qxa4 Re6 30. Rb1 Nxc5 31. Nxc5 Qxc5+ 32.
Kh1 Qd5 33. Nf3 Rf8 34. Rd1 Re4 35. Qa1 Qe6 36. Nd4 Qf6 37. h3 g4 38. hxg4
Qh4+ 39. Kg1 Qf2+ 40. Kh2 Rxg4 0-1

[Event "22nd Open"]
[Site "Cappelle la Grande FRA"]
[Date "2006.02.25"]
[Round "9"]
[White "Yandemirov,V"]
[Black "Erenburg,S"]
[Result "1/2-1/2"]
[WhiteElo "2503"]
[BlackElo "2573"]
[EventDate "2006.02.18"]

1. e4 c6 2. d4 d5 3. Nd2 dxe4 4. Nxe4 Bf5 5. Ng3 Bg6 6. h4 h6 7. Nf3 Nd7 8.
h5 Bh7 9. Bd3 Bxd3 10. Qxd3 e6 11. Bf4 Qa5+ 12. Bd2 Bb4 13. Ne4 Ngf6 14.
Nd6+ Ke7 15. Nc4 Bxd2+ 16. Nfxd2 Qc7 17. Ne4 Nxe4 18. Qxe4 Rhd8 19. O-O-O
Nf6 20. Qf3 Rd5 21. Ne3 Rd7 22. Ng4 Qa5 23. Ne5 Rc7 24. Kb1 c5 25. d5 exd5
26. g4 Qb6 27. g5 hxg5 28. Qf5 Qe6 29. Qxg5 Rg8 30. Rhe1 Kd8 31. Nc4 Qc6
32. Ne3 Rd7 33. Ng4 Qd6 34. h6 Kc7 35. Nxf6 Qxf6 36. Qxf6 gxf6 37. Rh1 f5
38. Rdg1 Rxg1+ 39. Rxg1 Rd6 40. Rh1 Rd8 41. h7 Rh8 42. Rh6 Kd7 43. Kc1 f6
44. Rxf6 Rxh7 45. Rxf5 Ke6 46. Rf8 d4 47. Kd2 Kd5 48. c3 Rh2 49. cxd4 Kxd4
50. Rf4+ Ke5 51. Rf7 b5 1/2-1/2

[Event "22nd Open"]
[Site "Cappelle la Grande FRA"]
[Date "2006.02.25"]
[Round "9"]
[White "Yagupov,I"]
[Black "Guseinov,G"]
[Result "1/2-1/2"]
[WhiteElo "2534"]
[BlackElo "2607"]
[EventDate "2006.02.18"]

1. e4 c5 2. Nf3 g6 3. d4 cxd4 4. Nxd4 Bg7 5. Nc3 Nc6 6. Be3 Nf6 7. Bc4 O-O
8. Bb3 d6 9. f3 Bd7 10. Qd2 Nxd4 11. Bxd4 b5 12. a4 b4 13. Nd5 Nxd5 14.
exd5 Bxd4 15. Qxd4 Qa5 16. O-O Rac8 17. Rae1 Rfe8 18. Rf2 Qc5 19. Qh4 e6
20. dxe6 Bxe6 21. Bxe6 Rxe6 22. Rxe6 fxe6 23. g3 a5 24. Qe7 Qd5 25. Rd2
Qxd2 26. Qxe6+ Kg7 1/2-1/2

[Event "22nd Open"]
[Site "Cappelle la Grande FRA"]
[Date "2006.02.25"]
[Round "9"]
[White "Drozdovskij,Y"]
[Black "Goloshchapov,A"]
[Result "1/2-1/2"]
[WhiteElo "2509"]
[BlackElo "2533"]
[EventDate "2006.02.18"]

1. c4 e5 2. Nc3 Nf6 3. Nf3 Nc6 4. e3 Bb4 5. Qc2 O-O 6. Nd5 Re8 7. Bd3 g6 8.
a3 Bf8 9. Nxf6+ Qxf6 10. Be4 a5 11. b3 d6 12. Bb2 Bg7 13. O-O Bd7 14. d4
exd4 15. Bxc6 Bxc6 16. Bxd4 Qe7 17. Bxg7 Bxf3 18. Bh6 Qh4 1/2-1/2

[Event "22nd Open"]
[Site "Cappelle la Grande FRA"]
[Date "2006.02.25"]
[Round "9"]
[White "Sorokin,M"]
[Black "Jaracz,P"]
[Result "1/2-1/2"]
[WhiteElo "2560"]
[BlackElo "2486"]
[EventDate "2006.02.18"]

1. Nf3 Nf6 2. c4 e6 3. g3 d5 4. Bg2 dxc4 5. Qa4+ c6 6. Qxc4 b5 7. Qb3 Bb7
8. a4 a6 9. O-O Nbd7 10. Nc3 Rc8 11. d3 Be7 12. axb5 cxb5 13. Bg5 Nc5 14.
Qd1 O-O 15. d4 Nce4 16. Bxf6 Nxf6 17. e3 Qb6 18. Ne5 Bxg2 19. Kxg2 Bb4 20.
Qd3 Qb7+ 21. Kg1 Bxc3 22. bxc3 Ne4 23. Rfc1 Ng5 24. Qf1 f6 25. h4 fxe5 26.
hxg5 Rf3 1/2-1/2

[Event "22nd Open"]
[Site "Cappelle la Grande FRA"]
[Date "2006.02.25"]
[Round "9"]
[White "Zhigalko,A"]
[Black "Rozentalis,E"]
[Result "0-1"]
[WhiteElo "2505"]
[BlackElo "2582"]
[EventDate "2006.02.18"]

1. e4 Nf6 2. e5 Nd5 3. d4 d6 4. Nf3 dxe5 5. Nxe5 c6 6. Bd3 Nd7 7. Nxd7 Bxd7
8. O-O g6 9. c4 Nf6 10. h3 Bg7 11. Nd2 O-O 12. Nf3 Qc7 13. Re1 Bf5 14. Bxf5
gxf5 15. Be3 Rad8 16. Qc2 e6 17. Rad1 Ne4 18. Qc1 Kh8 19. Bf4 Qe7 20. Qe3
Rg8 21. a3 c5 22. b4 cxb4 23. axb4 Qxb4 24. Ne5 Bxe5 25. Bxe5+ f6 26. Rb1
Qe7 27. Bf4 Qg7 28. g3 b6 29. Rbd1 Rde8 30. Qf3 Qg6 31. Bc1 Rc8 32. d5 e5
33. d6 Rgd8 34. Ba3 Rxc4 35. Rc1 Rxc1 36. Rxc1 f4 37. d7 fxg3 38. fxg3 Nd2
39. Qc3 Kg7 40. Qxd2 Qxg3+ 41. Qg2 Qxg2+ 42. Kxg2 Rxd7 43. Rc3 Kg6 44. Rg3+
Kf5 45. h4 Rd4 46. Kh3 e4 47. Bc1 Rd3 48. Be3 h5 49. Kg2 a5 50. Kf2 b5 51.
Rg8 a4 52. Rb8 Rd5 53. Kg3 a3 54. Rb6 Ke5 55. Kf2 f5 56. Ke1 f4 57. Bc1 e3
58. Bxa3 f3 59. Bb2+ Kf5 60. Bc1 f2+ 61. Ke2 Rd1 62. Rxb5+ Kg4 63. Rb4+ Kg3
64. Rf4 Re1+ 0-1

[Event "22nd Open"]
[Site "Cappelle la Grande FRA"]
[Date "2006.02.25"]
[Round "9"]
[White "Zubarev,Al1"]
[Black "Roiz,M"]
[Result "1/2-1/2"]
[WhiteElo "2508"]
[BlackElo "2599"]
[EventDate "2006.02.18"]

1. e4 e6 2. d4 d5 3. Nd2 dxe4 4. Nxe4 Nd7 5. Nf3 Ngf6 6. Bg5 h6 7. Nxf6+
Nxf6 8. Bh4 c5 9. c3 a6 10. Ne5 Qc7 11. Qa4+ Nd7 12. Bg3 Bd6 13. O-O-O cxd4
14. Nxd7 Bf4+ 15. Kb1 Bxd7 16. Qxd4 Bxg3 17. hxg3 e5 18. Qe3 O-O-O 19. Bd3
Bc6 20. Bf1 Bd7 1/2-1/2

[Event "22nd Open"]
[Site "Cappelle la Grande FRA"]
[Date "2006.02.25"]
[Round "9"]
[White "Nijboer,F"]
[Black "Jakubowski,K"]
[Result "1-0"]
[WhiteElo "2571"]
[BlackElo "2504"]
[EventDate "2006.02.18"]

1. e4 c5 2. Nf3 d6 3. d4 cxd4 4. Nxd4 Nf6 5. Nc3 a6 6. Be3 e5 7. Nb3 Be6 8.
f3 Be7 9. Qd2 Nbd7 10. g4 O-O 11. O-O-O b5 12. g5 Nh5 13. Kb1 Qc7 14. Nd5
Bxd5 15. exd5 f5 16. Rg1 Rfc8 17. Na5 Bd8 18. Nc6 Nb8 19. g6 f4 20. Bf2
Nxc6 21. dxc6 Qxc6 22. Bh3 Nf6 23. gxh7+ Kh8 24. Bxc8 Rxc8 25. Bh4 Ne4 26.
Qg2 1-0

[Event "22nd Open"]
[Site "Cappelle la Grande FRA"]
[Date "2006.02.25"]
[Round "9"]
[White "Kulaots,K"]
[Black "Firman,N"]
[Result "1/2-1/2"]
[WhiteElo "2558"]
[BlackElo "2468"]
[EventDate "2006.02.18"]

1. e4 c5 2. Nf3 e6 3. d4 cxd4 4. Nxd4 Nc6 5. Nc3 a6 6. Be2 Qc7 7. O-O b5 8.
Nxc6 dxc6 9. a4 b4 10. Nb1 Nf6 11. Nd2 Bc5 12. a5 O-O 13. Bd3 e5 14. Nb3
Ba7 15. Qe2 Bg4 16. Qe1 Be6 17. Qe2 Bg4 18. Qe1 Be6 19. Qe2 Bg4 20. Be3 Bd4
21. Rfc1 Qd6 1/2-1/2

[Event "22nd Open"]
[Site "Cappelle la Grande FRA"]
[Date "2006.02.25"]
[Round "9"]
[White "Van der Weide,K"]
[Black "Timoshenko,G"]
[Result "1-0"]
[WhiteElo "2466"]
[BlackElo "2560"]
[EventDate "2006.02.18"]

1. e4 c5 2. Nf3 Nc6 3. d4 cxd4 4. Nxd4 Nf6 5. Nc3 e6 6. Ndb5 d6 7. Bf4 e5
8. Bg5 a6 9. Na3 b5 10. Bxf6 gxf6 11. Nd5 f5 12. Bd3 Be6 13. O-O Bxd5 14.
exd5 Ne7 15. Re1 Bg7 16. c3 O-O 17. Qh5 e4 18. Bf1 Re8 19. Rad1 Rc8 20. Re3
Rc5 21. c4 bxc4 22. Rh3 h6 23. Nxc4 f4 24. b4 Rb5 25. Rb3 Ng6 26. Na5 Rxa5
27. bxa5 f3 28. g3 Qxa5 29. Qf5 Qc7 30. Rdb1 Re5 31. Rb8+ Kh7 32. Qc8 Qxc8
33. Rxc8 Rxd5 34. Rc2 Bd4 35. Bxa6 Ne5 36. Bb7 Ra5 37. Bxe4+ f5 38. Bxf5+
Kg7 39. Rb3 d5 40. h3 Kf6 41. Bg4 1-0

[Event "22nd Open"]
[Site "Cappelle la Grande FRA"]
[Date "2006.02.25"]
[Round "9"]
[White "Golod,V"]
[Black "Kveinys,A"]
[Result "1/2-1/2"]
[WhiteElo "2577"]
[BlackElo "2517"]
[EventDate "2006.02.18"]

1. d4 Nf6 2. c4 e6 3. Nc3 Bb4 4. Qc2 d5 5. a3 Bxc3+ 6. Qxc3 Ne4 7. Qc2 Nc6
8. e3 a5 9. b3 O-O 10. Nf3 Bd7 11. Be2 Qe7 12. O-O f5 13. Nd2 1/2-1/2

[Event "22nd Open"]
[Site "Cappelle la Grande FRA"]
[Date "2006.02.25"]
[Round "9"]
[White "Burmakin,V"]
[Black "Gashimov,V"]
[Result "1/2-1/2"]
[WhiteElo "2519"]
[BlackElo "2625"]
[EventDate "2006.02.18"]

1. d4 Nf6 2. Nf3 e6 3. g3 c5 4. Bg2 cxd4 5. O-O d5 6. Nxd4 e5 7. Nb3 Be7 8.
c4 d4 9. e3 Bg4 10. f3 Be6 11. exd4 Bxc4 12. Re1 Nc6 13. dxe5 Qxd1 14. Rxd1
Nxe5 15. f4 Nc6 16. Na3 Bxb3 17. axb3 Bc5+ 18. Kh1 O-O 19. Bd2 Ng4 1/2-1/2

[Event "22nd Open"]
[Site "Cappelle la Grande FRA"]
[Date "2006.02.25"]
[Round "9"]
[White "Baklan,V"]
[Black "Psakhis,L"]
[Result "1/2-1/2"]
[WhiteElo "2601"]
[BlackElo "2534"]
[EventDate "2006.02.18"]

1. e4 e6 2. d4 d5 3. Nd2 dxe4 4. Nxe4 Nd7 5. Nf3 Ngf6 6. Nxf6+ Nxf6 7. c3
c5 8. Be3 Qc7 9. Ne5 a6 10. Qf3 cxd4 11. Bxd4 Bc5 12. Bxc5 Qxc5 1/2-1/2

[Event "22nd Open"]
[Site "Cappelle la Grande FRA"]
[Date "2006.02.25"]
[Round "9"]
[White "Moiseenko,A1"]
[Black "Yevseev,D"]
[Result "1-0"]
[WhiteElo "2657"]
[BlackElo "2557"]
[EventDate "2006.02.18"]

1. d4 d5 2. c4 e6 3. Nc3 c6 4. e3 Nf6 5. Nf3 Nbd7 6. Bd3 dxc4 7. Bxc4 b5 8.
Bd3 Bb7 9. a3 b4 10. Ne4 Nxe4 11. Bxe4 bxa3 12. O-O Be7 13. b3 Nf6 14. Bd3
Qb6 15. Bxa3 Bxa3 16. Rxa3 c5 17. dxc5 Qxc5 18. b4 Qb6 19. Qa4+ Bc6 20. Qa5
O-O 21. Nd4 Bd5 22. Rfa1 Qb7 23. Bf1 Qe7 24. Rc3 Ne4 25. Rc2 f5 26. Bc4
Bxc4 27. Rxc4 Rf7 28. Rac1 Re8 29. Rc7 Qf8 30. Qe5 Rfe7 31. Rxe7 Rxe7 32.
Rc6 Ng5 33. h4 Nf7 34. Qc5 Nd8 35. Rc8 Re8 36. Qxa7 e5 37. Nf3 Qd6 38. Qa2+
Kf8 39. Ng5 Qd1+ 40. Kh2 Qh5 41. Qc4 f4 42. Qc5+ Kg8 43. Qd5+ Kf8 44. Qd6+
Kg8 45. Qxd8 1-0